000 00429nam a2200193Ia 4500
005 20250425162445.0
008 250425s9999 xx 000 0 und d
041 _aeng
082 _a597.023
245 0 _aMILKFISH & OTHER FINFISHES
250 _aS.E.
260 _aFilipinas
_bSEAFDEC
_c1983
260 _aTIGBAUAN
300 _a166
650 _aCICLO
650 _aPECES-HISTOLOGIA
942 _c01
010 _a75510
999 _c229628
_d229628